000 00433 a2200145 4500
041 _aEng
082 _aCD9365
100 _aPuri, Laxman
245 _aStrategies adopted in professional learning by Novice english language teachers
260 _aKathmandu
_c2013
502 _aDissertation
_bDegree in Education
_cT.U.
650 _aTeacher induction
_aLearning
_aTeaching profession
653 _aEnglish language
942 _2ddc
_cVM
999 _c67479
_d67465